| 000 | 00612nam a2200181Ia 4500 | ||
|---|---|---|---|
| 008 | 100917s9999 xx 000 0 und d | ||
| 082 | _b24183 | ||
| 100 | _aउद्यम - प्रका. | ||
| 245 | _aफळांचे टिकाऊ पदार्थ | ||
| 260 |
_bउद्यम प्रकाशन _c1972 |
||
| 300 | _a128 | ||
| 365 | _b4 | ||
| 520 | _aकृषिशास्त्र | ||
| 630 | _aफळांचे टिकाऊ पदार्थ | ||
| 650 | _aकृषिशास्त्र | ||
| 730 | _aफळांचे टिकाऊ पदार्थ | ||
| 942 | _cBOOK | ||
| 999 |
_c629577 _d629574 |
||